000 00371pam a2200169a 44500
008 230405s1993 xxu||||| |||| 00| 0 eng d
041 _aENG
100 _aJ.BHASKAR
245 _aVHDL. PRIMER
250 _a3 . Ed.
260 _aNONE
_bPERSON /ADDISON WESLEY LONGMAN
_c1993
300 _a373
440 _aRS.295
650 _aVLSI
690 _aEJ
906 _a915
999 _c779296
_d779296